ბათუმის შოთა რუსთაველის სახელმწიფო უნივერსიტეტის ბიბლიოთეკა

გაულ გავხე (ბიბ.ჩანაწერი № 42822)

000 -LEADER
fixed length control field 00705nam a2200229Ia 4500
001 - CONTROL NUMBER
control field 9528
003 - CONTROL NUMBER IDENTIFIER
control field GE_BSU
008 - FIXED-LENGTH DATA ELEMENTS--GENERAL INFORMATION
fixed length control field 181216s||||||||xx |||||||||||||| ||und||
040 ## - CATALOGING SOURCE
Transcribing agency GE_BSU
080 ## - UNIVERSAL DECIMAL CLASSIFICATION NUMBER
Universal Decimal Classification number 821.353.1–31
100 ## - MAIN ENTRY--PERSONAL NAME
Personal name მაღლაფერიძე,თეიმურაზ
245 ## - TITLE STATEMENT
Title გაულ გავხე
245 ## - TITLE STATEMENT
Remainder of title რომანი
245 ## - TITLE STATEMENT
Statement of responsibility, etc. რედ.ნ.ლორთქიფანიძე.;მხატვ.ვ. არაბიძე
260 ## - PUBLICATION, DISTRIBUTION, ETC.
Place of publication, distribution, etc. თბილისი
260 ## - PUBLICATION, DISTRIBUTION, ETC.
Name of publisher, distributor, etc. ნაკადული
260 ## - PUBLICATION, DISTRIBUTION, ETC.
Date of publication, distribution, etc. 1976
300 ## - PHYSICAL DESCRIPTION
Extent 158გვ.ილ.19სმ
653 ## - INDEX TERM--UNCONTROLLED
Uncontrolled term გაულ გავხე
653 ## - INDEX TERM--UNCONTROLLED
Uncontrolled term რომანი
942 ## - ADDED ENTRY ELEMENTS (KOHA)
Koha item type წიგნი
ეგზემპლარები
Withdrawn status Lost status Damaged status Not for loan Date acquired Barcode Date last seen Price effective from Koha item type Public note
        2018-12-17 32555 2018-12-17 2018-12-17 წიგნი  
        2018-12-17 32556 2018-12-17 2018-12-17 წიგნი  
        2018-12-17 41405 2018-12-17 2018-12-17 წიგნი აგრარული ტექ.ფაკ.
        2018-12-17 41406 2018-12-17 2018-12-17 წიგნი აგრარული ტექ.ფაკ.
        2018-12-17 41407 2018-12-17 2018-12-17 წიგნი აგრარული ტექ.ფაკ.
        2018-12-17 41408 2018-12-17 2018-12-17 წიგნი აგრარული ტექ.ფაკ.